| 000 | 01282nam a2200229Ia 4500 | ||
|---|---|---|---|
| 001 | L430-25333 | ||
| 003 | IT-CnALBA | ||
| 008 | 170116s9999||||xx |||||||||||||| ||und|| | ||
| 040 |
_aIT-CnALBA _cIT-CnALBA |
||
| 041 | _aITALIANO | ||
| 100 | _aDE BARTOLOMEIS LUIGI | ||
| 245 | 0 | _aCORSO TEORICO E PRATICO DI GRAMMATICA TEDESCA AD USO DEGLI ALLIEVI DELLA REGIA MILITARE ACCADEMIA. | |
| 250 | _a1a ed. | ||
| 260 |
_a TORINO, MILANO, ROMA _bREALE STAMPERIA _c1834 [1° Ed.:1834 - Ed.Ling.Originale: 1834] |
||
| 300 | _a497 p. | ||
| 500 | _aTAVOLA DELLE ABBREVIAZIONI E NOMI DEGLI AUTORI. GRAMMATICA. ARTE DELLA PAROLA. RETTA PRONUNCIA. PARTI DEL DISCORSO. DECLINAZIONE. SINTASSI. ORTOGRAFIA GRAMMATICALE. FIGURATA. ESERCIZI. TRADUZIONI DAL TEDESCO IN ITALIANO. VERBI IRREGOLARI. STORIA DELLA LIN | ||
| 501 | _aSocietà San Paolo EM - Piazza San Paolo, 14 - 12051 ALBA (CN) (non commercial uses only) ® Copyright 2017 | ||
| 520 | _aTAVOLA DELLE ABBREVIAZIONI E NOMI DEGLI AUTORI. GRAMMATICA. ARTE DELLA PAROLA. RETTA PRONUNCIA. PARTI DEL DISCORSO. DECLINAZIONE. SINTASSI. ORTOGRAFIA GRAMMATICALE. FIGURATA. ESERCIZI. TRADUZIONI DAL TEDESCO IN ITALIANO. VERBI IRREGOLARI. STORIA DELLA LIN | ||
| 650 | _aLINGUE GERMANICHE, MISCELLANEA | ||
| 942 | _cBK | ||
| 957 | _71 | ||
| 999 |
_a30110 _bSI _g Copie: 1 _c284436 _d284436 |
||